[Event "Provincial-ch Vila Real"]
[Site "Vila Real"]
[Date "2012.11.17"]
[Round "6"]
[White "Tamaral Fernandez, Miguel"]
[Black "Espinosa Edo, Marc"]
[Result "1-0"]
[WhiteElo "1537"]
[BlackElo "1449"]
[PlyCount "87"]
[EventDate "2012.10.06"]
[EventType "swiss"]
[EventRounds "7"]
[EventCountry "ESP"]
[SourceTitle "EXT 2024"]
[Source "ChessBase"]
[SourceDate "2023.10.10"]
[SourceVersion "1"]
[SourceVersionDate "2023.10.10"]
[SourceQuality "1"]

1. Nf3 f5 2. c4 Nf6 3. Nc3 g6 4. g3 Bg7 5. Bg2 0-0 6. 0-0 d6 7. d4 Qe8 8. Rb1 e5 9. e3 e4 10. Nd2 Nbd7 11. b3 a6 12. b4 c5 13. bxc5 dxc5 14. Nb3 cxd4 15. exd4 Qe6 16. c5 Re8 17. Re1 Nd5 18. Nxd5 Qxd5 19. Bf1 b6 20. cxb6 Nxb6 21. Be3 Rd8 22. Qd2 Rb8 23. Na5 Be6 24. Rec1 Nd7 25. Nc6 Rxb1 26. Ne7+ Kf7 27. Nxd5 Rxc1 28. Qxc1 Bxd5 29. Bc4 Ke6 30. Bxd5+ Kxd5 31. Qc7 Bf6 32. Bf4 Kxd4 33. Qd6+ Kc3 34. Qxa6 Bd4 35. Qa5+ Kc4 36. Qxd8 Nf6 37. Qc7+ Kd3 38. Be3 Nd5 39. Qxh7 Nxe3 40. fxe3 Bxe3+ 41. Kf1 Kd2 42. Qxg6 Bg1 43. Qd6+ Kc2 44. Kxg1 1-0